| 000 | 00604nam a2200205 a 4500 | ||
|---|---|---|---|
| 003 | SISC | ||
| 005 | 20160314151759.0 | ||
| 008 | 130816s19uu xx 00 eng d | ||
| 020 | _a9812448500 | ||
| 100 | _aForlini, Gary | ||
| 245 |
_aPrentice-Hall grammar and composition. Level 4 / _cGary Forlini. |
||
| 250 | _aLow price edition | ||
| 260 |
_aEnglewood Cliffs, N.J : _bPrentice-Hall, _c1990. |
||
| 300 | _a912 | ||
| 500 | _aIncludes Index | ||
| 650 | _aEnglish language --Grammar. | ||
| 650 | _a English language --Composition and exercises. | ||
| 700 | _aBauer, Mary Beth | ||
| 942 |
_cBK _2lcc |
||
| 999 |
_c12827 _d12827 |
||